Pissing

Uloženo v:
Podrobná bibliografie
Hlavní autor: Duovo, Chiara
Médium: Kniha
Jazyk:angličtina
Vydáno: Roma
Tagy: Přidat tag
Žádné tagy, Buďte první, kdo vytvoří štítek k tomuto záznamu!

MARC

LEADER 00000nam a2200000 4500
001 CDOM0000003776
003 mi
005 20250916173308.0
008 250916b |||||||| |||| 00| 0 eng d
040 |c mi 
100 |a Duovo, Chiara 
245 1 |a Pissing  
260 |a Roma 
942 |2 ddc  |c BK 
952 |0 0  |1 0  |2 ddc  |4 0  |7 0  |9 6990  |a MI  |b MI  |d 2009-08-28  |i 5498  |l 0  |p CDOM5498  |r 2025-07-13 16:28:00  |w 2025-07-13  |x ACQUISTO  |y BK 
999 |c 5707  |d 5707